000 00895nam a22002297a 4500
999 _c21145
_d21145
003 AR-CdUCM
008 190409b ||||| |||| 00| 0 spa d
020 _a9786120023754
040 _aMUNICIPALIDAD PROVINCIAL DEL CUSCO
_cBIBLIOTECA MUNICIPAL DEL CUSCO
082 _a985.613 / D39
_bD39
100 _aDenos Sure, Fortunato
_944154
245 _aChilloroya Historia y tradición /
_cFortunato Denos Sure
260 _aCusco :
_bAlpha,
_c2016.
300 _a210 paginas ;
_bIlustraciones,
_c23 cm.
505 _aContenido : Origen del nombre de Chilloroya -- Costumbres mitos y leyendas -- Construcción del templo de San José -- Artesania música danza -- Creación de la comunidad de Chilloroya ...
650 _aCostumbres
_9230
650 _aHistoria popular
_92638
650 _aChumbivilcas historia
_930386
650 _aCusco Perú
_944155
942 _2ddc
_cLIBROS
945 _aRoel